[Event "Wolrd Chess Olympiad 2018"]
[Site "Batumi"]
[Date "2018.09.28"]
[Round "5"]
[Board "4"]
[WhiteFideId "10801839"]
[White "Abera Aydagnuhem Gezachew"]
[BlackFideId "19601441"]
[Black "Mohamed Abderrahim Taleb Mohamed"]
[Result "1-0"]
[LiveChessVersion "1.4.8"]
[BlackElo "1776"]
[WhiteElo "2116"]

1. d4 {[%clk 1:30:49]} d5 {[%clk 1:30:57]} 2. c4 {[%clk 1:31:10]} c6
{[%clk 1:31:25]} 3. Nf3 {[%clk 1:31:29]} e6 {[%clk 1:31:30]} 4. Nc3
{[%clk 1:31:44]} Nf6 {[%clk 1:31:44]} 5. c5 {[%clk 1:31:09]} b6 {[%clk 1:28:48]}
6. b4 {[%clk 1:30:24]} a5 {[%clk 1:27:07]} 7. Qa4 {[%clk 1:25:28]} b5
{[%clk 1:24:48]} 8. Qb3 {[%clk 1:23:58]} axb4 {[%clk 1:23:49]} 9. Qxb4
{[%clk 1:21:04]} Be7 {[%clk 1:20:27]} 10. Bf4 {[%clk 1:20:20]} Nbd7
{[%clk 1:17:27]} 11. e3 {[%clk 1:18:02]} Nh5 {[%clk 1:15:05]} 12. Bg3
{[%clk 1:13:28]} Nxg3 {[%clk 1:15:06]} 13. hxg3 {[%clk 1:13:47]} Bf6
{[%clk 1:11:16]} 14. Bd3 {[%clk 1:08:30]} h6 {[%clk 1:05:00]} 15. Kd2
{[%clk 1:05:39]} e5 {[%clk 0:59:26]} 16. Bc2 {[%clk 0:59:08]} Qe7
{[%clk 0:55:43]} 17. a4 {[%clk 0:53:40]} Nb6 {[%clk 0:53:01]} 18. dxe5
{[%clk 0:47:57]} Nc4+ {[%clk 0:52:04]} 19. Ke2 {[%clk 0:45:09]} Bxe5
{[%clk 0:50:57]} 20. axb5 {[%clk 0:44:23]} Bxc3 {[%clk 0:48:06]} 21. Rxa8
{[%clk 0:42:01]} Bxb4 {[%clk 0:47:41]} 22. Rxc8+ {[%clk 0:41:59]} Kd7
{[%clk 0:48:04]} 23. Bf5+ {[%clk 0:42:08]} 1-0

[Event "Wolrd Chess Olympiad 2018"]
[Site "Batumi"]
[Date "2018.09.28"]
[Round "5"]
[Board "1"]
[WhiteFideId "15200515"]
[White "Handjaba Mclean"]
[BlackFideId "21300020"]
[Black "Klaas Tokelo"]
[Result "1/2-1/2"]
[LiveChessVersion "1.4.8"]
[BlackElo "1827"]
[WhiteElo "1956"]

1. d4 {[%clk 1:30:52]} Nf6 2. Bf4 {[%clk 1:31:15]} d5 {[%clk 1:28:23]} 3. e3
{[%clk 1:31:34]} c6 {[%clk 1:28:02]} 4. c4 {[%clk 1:26:00]} e6 {[%clk 1:27:08]}
5. Nc3 {[%clk 1:24:30]} Be7 {[%clk 1:26:24]} 6. c5 {[%clk 1:24:34]} O-O
{[%clk 1:25:27]} 7. Bd3 {[%clk 1:21:39]} b6 {[%clk 1:25:36]} 8. b4
{[%clk 1:21:54]} Ba6 {[%clk 1:25:21]} 9. h3 {[%clk 1:18:37]} Bxd3
{[%clk 1:25:01]} 10. Qxd3 {[%clk 1:19:05]} a5 {[%clk 1:24:38]} 11. b5
{[%clk 1:16:09]} bxc5 {[%clk 1:24:16]} 12. dxc5 {[%clk 1:16:00]} Bxc5
{[%clk 1:24:14]} 13. Nge2 {[%clk 1:14:34]} cxb5 {[%clk 1:23:39]} 14. Nxb5
{[%clk 1:13:09]} Bb4+ {[%clk 1:23:31]} 15. Nec3 {[%clk 1:12:08]} Na6
{[%clk 1:23:01]} 16. O-O {[%clk 1:11:59]} Rc8 {[%clk 1:22:09]} 17. Rfc1
{[%clk 1:09:43]} Rc4 {[%clk 1:21:41]} 18. a3 {[%clk 1:05:59]} Nc5
{[%clk 1:14:58]} 19. Qb1 {[%clk 1:02:03]} Bxc3 {[%clk 1:14:30]} 20. Rxc3
{[%clk 1:01:48]} Rxc3 {[%clk 1:07:19]} 21. Nxc3 {[%clk 1:02:15]} d4
{[%clk 1:04:48]} 22. Nb5 {[%clk 1:01:23]} Qd5 {[%clk 1:00:23]} 23. Nxd4
{[%clk 0:50:19]} e5 {[%clk 0:51:27]} 24. Nf5 {[%clk 0:49:53]} Qe6
{[%clk 0:49:20]} 25. Bg5 {[%clk 0:37:41]} Nce4 {[%clk 0:38:48]} 26. Bxf6
{[%clk 0:34:31]} Qxf5 {[%clk 0:36:10]} 27. Bh4 {[%clk 0:23:01]} g5
{[%clk 0:33:50]} 28. f3 {[%clk 0:23:11]} gxh4 {[%clk 0:33:46]} 29. Qxe4
{[%clk 0:22:44]} Qxe4 {[%clk 0:33:39]} 30. fxe4 {[%clk 0:23:13]} Rc8
{[%clk 0:33:28]} 31. Kf2 {[%clk 0:18:53]} a4 {[%clk 0:32:55]} 32. Kf3
{[%clk 0:15:21]} Rc2 {[%clk 0:31:40]} 33. Rd1 {[%clk 0:13:23]} Rc3
{[%clk 0:30:44]} 34. Rd5 {[%clk 0:12:15]} f6 {[%clk 0:30:28]} 35. Kg4
{[%clk 0:11:22]} Rxe3 {[%clk 0:27:03]} 36. Kf5 {[%clk 0:11:27]} Kg7
{[%clk 0:24:44]} 37. Rd7+ {[%clk 0:10:36]} Kh6 {[%clk 0:24:44]} 38. Rf7
{[%clk 0:09:16]} Rxa3 {[%clk 0:24:44]} 39. Rxf6+ {[%clk 0:09:14]} Kg7
{[%clk 0:25:12]} 40. Kxe5 {[%clk 0:39:00]} Ra2 {[%clk 0:55:29]} 41. Ra6
{[%clk 0:37:34]} Rxg2 {[%clk 0:54:58]} 42. Ra7+ {[%clk 0:36:17]} Kg6
{[%clk 0:53:48]} 43. Rxa4 {[%clk 0:28:36]} Rg3 {[%clk 0:53:52]} 44. Ra6+
{[%clk 0:27:57]} Kg7 {[%clk 0:53:22]} 45. Ra7+ {[%clk 0:22:09]} Kg6
{[%clk 0:52:31]} 1/2-1/2

[Event "Wolrd Chess Olympiad 2018"]
[Site "Batumi"]
[Date "2018.09.28"]
[Round "5"]
[Board "2"]
[WhiteFideId "14317176"]
[White "Khalema Sechaba"]
[BlackFideId "15200540"]
[Black "Beukes Dante M"]
[Result "0-1"]
[LiveChessVersion "1.4.8"]
[BlackElo "2155"]
[WhiteElo "1779"]

1. d4 {[%clk 1:30:34]} Nf6 {[%clk 1:30:53]} 2. c4 {[%clk 1:30:18]} g6
{[%clk 1:31:20]} 3. Nc3 {[%clk 1:28:38]} Bg7 {[%clk 1:31:46]} 4. e4
{[%clk 1:20:12]} d6 {[%clk 1:32:13]} 5. Nf3 {[%clk 1:16:07]} O-O {[%clk 1:32:38]}
6. Be2 {[%clk 1:12:04]} e5 {[%clk 1:33:04]} 7. O-O {[%clk 1:07:21]} Nc6
{[%clk 1:32:11]} 8. d5 {[%clk 1:00:15]} Ne7 {[%clk 1:32:37]} 9. Bd2
{[%clk 0:57:51]} Ne8 {[%clk 1:29:59]} 10. Ne1 {[%clk 0:50:56]} f5
{[%clk 1:30:16]} 11. exf5 {[%clk 0:51:17]} gxf5 {[%clk 1:30:32]} 12. f4
{[%clk 0:51:41]} e4 {[%clk 1:28:57]} 13. Nc2 {[%clk 0:50:01]} Nf6
{[%clk 1:23:14]} 14. Be3 {[%clk 0:50:02]} a6 {[%clk 1:19:42]} 15. a4
{[%clk 0:45:51]} Ng6 {[%clk 1:16:27]} 16. Ra3 {[%clk 0:45:58]} Rf7
{[%clk 1:11:27]} 17. Nd4 {[%clk 0:42:24]} Qe8 {[%clk 1:06:05]} 18. Kf2
{[%clk 0:40:03]} Ng4+ {[%clk 0:58:34]} 19. Bxg4 {[%clk 0:40:14]} fxg4
{[%clk 0:59:00]} 20. Ke1 {[%clk 0:40:28]} Nh4 {[%clk 0:57:40]} 21. Rf2
{[%clk 0:40:14]} Re7 {[%clk 0:53:08]} 22. Nce2 {[%clk 0:34:26]} Nf3+
{[%clk 0:47:45]} 23. Kf1 {[%clk 0:34:03]} Nxh2+ {[%clk 0:46:36]} 24. Kg1
{[%clk 0:30:03]} Nf3+ {[%clk 0:38:33]} 25. Kf1 {[%clk 0:21:03]} Bxd4
{[%clk 0:24:33]} 26. gxf3 {[%clk 0:19:42]} Bxe3 {[%clk 0:24:42]} 27. Rxe3
{[%clk 0:19:58]} exf3 {[%clk 0:24:57]} 28. Rxe7 {[%clk 0:13:34]} Qxe7
{[%clk 0:25:20]} 29. Nd4 {[%clk 0:13:55]} Qh4 {[%clk 0:23:51]} 30. Nxf3
{[%clk 0:13:52]} gxf3 {[%clk 0:16:39]} 31. Qxf3 {[%clk 0:10:19]} Bh3+
{[%clk 0:14:04]} 32. Ke1 {[%clk 0:10:30]} Re8+ {[%clk 0:14:19]} 33. Kd2
{[%clk 0:10:30]} Bg4 {[%clk 0:13:50]} 34. Qg2 {[%clk 0:10:33]} Qh3
{[%clk 0:13:21]} 35. Qxh3 {[%clk 0:02:35]} Bxh3 {[%clk 0:13:45]} 36. a5
{[%clk 0:01:36]} Re4 {[%clk 0:12:06]} 37. Kd3 {[%clk 0:01:40]} Bf5
{[%clk 0:12:29]} 38. Kc3 {[%clk 0:01:13]} Re3+ {[%clk 0:12:30]} 39. Kb4
{[%clk 0:01:05]} c5+ {[%clk 0:11:55]} 40. dxc6 {[%clk 0:31:14]} bxc6
{[%clk 0:42:20]} 41. b3 {[%clk 0:31:18]} c5+ {[%clk 0:41:50]} 42. Ka4
{[%clk 0:27:07]} Bd3 {[%clk 0:42:28]} 43. Ka3 {[%clk 0:26:52]} Bxc4
{[%clk 0:42:33]} 0-1

[Event "Wolrd Chess Olympiad 2018"]
[Site "Batumi"]
[Date "2018.09.28"]
[Round "5"]
[Board "3"]
[WhiteFideId "15200051"]
[White "Eichab Charles"]
[BlackFideId "21300550"]
[Black "Theko Khanyapa"]
[Result "0-1"]
[LiveChessVersion "1.4.8"]
[BlackElo "1655"]
[WhiteElo "2016"]

1. c4 {[%clk 1:30:54]} g6 {[%clk 1:30:20]} 2. g3 {[%clk 1:31:12]} Bg7
{[%clk 1:30:36]} 3. Bg2 {[%clk 1:31:37]} c5 {[%clk 1:30:56]} 4. Nc3
{[%clk 1:31:11]} Nf6 {[%clk 1:31:05]} 5. Nf3 {[%clk 1:31:10]} Nc6
{[%clk 1:31:14]} 6. O-O {[%clk 1:29:02]} O-O {[%clk 1:29:10]} 7. e4
{[%clk 1:19:00]} e5 {[%clk 1:27:58]} 8. d3 {[%clk 1:16:58]} d6 {[%clk 1:27:53]}
9. h3 {[%clk 1:14:03]} a6 {[%clk 1:26:57]} 10. Kh2 {[%clk 1:10:23]} Nh5
{[%clk 1:19:27]} 11. Ng1 {[%clk 1:09:49]} Nd4 {[%clk 1:17:50]} 12. Be3
{[%clk 1:09:40]} f5 {[%clk 1:16:55]} 13. exf5 {[%clk 0:59:39]} Nxf5
{[%clk 1:10:58]} 14. g4 {[%clk 0:53:35]} Nxe3 {[%clk 1:09:08]} 15. fxe3
{[%clk 0:54:04]} Nf6 {[%clk 1:08:54]} 16. Qe2 {[%clk 0:52:42]} Rb8
{[%clk 1:06:19]} 17. Nd5 {[%clk 0:44:31]} Be6 {[%clk 1:02:29]} 18. e4
{[%clk 0:41:20]} Nxd5 {[%clk 1:00:10]} 19. exd5 {[%clk 0:40:39]} Bd7
{[%clk 1:00:08]} 20. Nf3 {[%clk 0:40:21]} Bh6 {[%clk 0:55:29]} 21. Nd2
{[%clk 0:36:16]} Bf4+ {[%clk 0:53:53]} 22. Kg1 {[%clk 0:35:52]} Qe7
{[%clk 0:46:11]} 23. Ne4 {[%clk 0:33:26]} Kg7 {[%clk 0:44:24]} 24. Rae1
{[%clk 0:28:04]} Rf7 25. Bf3 {[%clk 0:19:57]} b5 {[%clk 0:34:28]} 26. Qg2
{[%clk 0:18:12]} h6 {[%clk 0:32:46]} 27. b3 {[%clk 0:16:25]} b4 {[%clk 0:29:21]}
28. Re2 {[%clk 0:15:04]} a5 {[%clk 0:28:31]} 29. Ree1 {[%clk 0:10:07]} Ra8
{[%clk 0:28:14]} 30. a4 {[%clk 0:07:56]} bxa3 {[%clk 0:27:52]} 31. Ra1
{[%clk 0:08:03]} Be3+ {[%clk 0:27:03]} 32. Kh2 {[%clk 0:07:38]} Rf4
{[%clk 0:24:36]} 33. Rxa3 {[%clk 0:07:36]} a4 {[%clk 0:19:06]} 34. bxa4
{[%clk 0:05:37]} Rxa4 {[%clk 0:14:37]} 35. Rxa4 {[%clk 0:03:11]} Bxa4
{[%clk 0:14:47]} 36. Ra1 {[%clk 0:02:57]} Be8 {[%clk 0:14:12]} 37. Ra6
{[%clk 0:02:16]} Qf8 {[%clk 0:11:47]} 38. Kg3 {[%clk 0:01:30]} Rxe4
{[%clk 0:11:40]} 39. Ra7+ {[%clk 0:00:46]} Kg8 {[%clk 0:11:34]} 40. h4
{[%clk 0:30:39]} Rf4 {[%clk 0:38:18]} 41. Qh1 {[%clk 0:27:05]} Bd2
{[%clk 0:37:02]} 42. Be4 {[%clk 0:25:05]} Rf2 {[%clk 0:36:34]} 43. Bf5
{[%clk 0:24:41]} Be3 {[%clk 0:36:11]} 44. Qb1 {[%clk 0:21:13]} Rxf5
{[%clk 0:27:57]} 45. gxf5 {[%clk 0:17:18]} Qxf5 {[%clk 0:27:00]} 46. Qb7
{[%clk 0:11:36]} Qf2+ {[%clk 0:26:20]} 47. Kh3 {[%clk 0:11:46]} Qf1+
{[%clk 0:26:34]} 48. Kg3 {[%clk 0:09:37]} Bf4+ {[%clk 0:26:59]} 0-1

[Event "Wolrd Chess Olympiad 2018"]
[Site "Batumi"]
[Date "2018.09.28"]
[Round "5"]
[Board "4"]
[WhiteFideId "14317281"]
[White "Lekau Ramokotjo"]
[BlackFideId "15200523"]
[Black "Gariseb Immanuel"]
[Result "0-1"]
[LiveChessVersion "1.4.8"]
[BlackElo "1820"]
[WhiteElo "1627"]

1. e4 {[%clk 1:30:18]} d5 {[%clk 1:30:44]} 2. exd5 {[%clk 1:29:36]} Nf6
{[%clk 1:31:07]} 3. d4 {[%clk 1:29:34]} Nxd5 {[%clk 1:30:43]} 4. Nf3
{[%clk 1:28:56]} Bg4 {[%clk 1:31:04]} 5. Be2 {[%clk 1:28:24]} e6 {[%clk 1:31:13]}
6. c4 {[%clk 1:27:53]} Nb6 {[%clk 1:31:38]} 7. a3 {[%clk 1:24:14]} Be7
{[%clk 1:31:35]} 8. Nbd2 {[%clk 1:22:42]} Nc6 {[%clk 1:31:37]} 9. c5
{[%clk 1:12:26]} Nd5 {[%clk 1:29:29]} 10. Bb5 {[%clk 1:08:41]} O-O
{[%clk 1:28:07]} 11. Bxc6 {[%clk 1:07:58]} bxc6 {[%clk 1:28:30]} 12. Qa4
{[%clk 1:07:48]} Nf4 {[%clk 1:26:24]} 13. O-O {[%clk 1:06:26]} Qd5
{[%clk 1:25:53]} 14. Re1 {[%clk 1:03:44]} Bf6 {[%clk 1:16:45]} 15. Ne4
{[%clk 0:59:06]} Bxf3 {[%clk 1:10:51]} 16. gxf3 {[%clk 0:54:43]} Nd3
{[%clk 1:07:08]} 17. Nxf6+ {[%clk 0:49:09]} gxf6 {[%clk 1:07:28]} 18. Re4
{[%clk 0:44:24]} Kh8 {[%clk 1:05:12]} 19. Qd1 {[%clk 0:41:51]} Nxc5
{[%clk 1:04:44]} 20. Rg4 {[%clk 0:38:17]} Nb3 {[%clk 1:02:27]} 21. Bh6
{[%clk 0:33:57]} Rg8 {[%clk 1:02:10]} 22. Rb1 {[%clk 0:33:32]} Rxg4+
{[%clk 1:02:04]} 23. fxg4 {[%clk 0:31:57]} Rd8 {[%clk 1:00:55]} 24. Qd3
{[%clk 0:29:26]} Nxd4 {[%clk 1:00:47]} 25. Qh3 {[%clk 0:13:12]} Nf3+
{[%clk 0:59:55]} 26. Kf1 {[%clk 0:08:33]} Qd3+ {[%clk 0:56:42]} 27. Kg2
{[%clk 0:07:46]} Qxb1 {[%clk 0:56:34]} 28. Qxf3 {[%clk 0:07:47]} Qg6
{[%clk 0:56:54]} 29. Bf4 {[%clk 0:06:09]} Rd4 {[%clk 0:55:23]} 30. h3
{[%clk 0:05:42]} Qe4 {[%clk 0:55:03]} 31. Qxe4 {[%clk 0:04:19]} Rxe4
{[%clk 0:55:27]} 32. Bxc7 {[%clk 0:04:45]} Re2 {[%clk 0:55:39]} 33. Bd8
{[%clk 0:04:56]} Kg7 {[%clk 0:55:40]} 34. b4 {[%clk 0:04:55]} Ra2
{[%clk 0:55:49]} 35. Be7 {[%clk 0:05:18]} Rxa3 {[%clk 0:55:59]} 36. b5
{[%clk 0:05:12]} Rc3 {[%clk 0:56:17]} 37. bxc6 {[%clk 0:05:16]} Rxc6
{[%clk 0:56:41]} 38. Kg3 {[%clk 0:05:10]} a5 {[%clk 0:57:04]} 0-1

[Event "Wolrd Chess Olympiad 2018"]
[Site "Batumi"]
[Date "2018.09.28"]
[Round "5"]
[Board "1"]
[WhiteFideId "20300166"]
[White "Ntamatungiro Wilfried"]
[BlackFideId "1126768"]
[Black "Belzo Krzysztof"]
[Result "0-1"]
[LiveChessVersion "1.4.8"]
[BlackElo "2057"]
[WhiteElo "1765"]

1. e4 {[%clk 1:30:58]} c5 {[%clk 1:30:54]} 2. Nf3 {[%clk 1:31:21]} g6
{[%clk 1:30:26]} 3. d4 {[%clk 1:31:41]} cxd4 {[%clk 1:30:40]} 4. Nxd4
{[%clk 1:31:59]} Bg7 {[%clk 1:31:03]} 5. Bc4 {[%clk 1:31:59]} Qa5+
{[%clk 1:29:15]} 6. Nc3 {[%clk 1:31:01]} Qc5 {[%clk 1:28:26]} 7. Bxf7+
{[%clk 1:29:02]} Kxf7 {[%clk 1:28:34]} 8. Be3 {[%clk 1:29:23]} Qa5 9. f4
{[%clk 1:28:17]} d6 {[%clk 1:20:02]} 10. O-O {[%clk 1:28:02]} Nf6
{[%clk 1:18:57]} 11. Nb3 {[%clk 1:27:51]} Qh5 {[%clk 1:16:42]} 12. Qe1
{[%clk 1:25:31]} Ng4 {[%clk 1:16:16]} 13. Qg3 {[%clk 1:25:44]} Nxe3
{[%clk 1:14:05]} 14. Qxe3 {[%clk 1:26:00]} Rf8 {[%clk 1:04:20]} 15. Rad1
{[%clk 1:25:27]} Be6 {[%clk 0:59:03]} 16. f5 {[%clk 1:22:13]} Bxb3
{[%clk 0:55:58]} 17. fxg6+ Kxg6 {[%clk 0:54:13]} 18. Rxf8 {[%clk 1:14:07]} Bxf8
{[%clk 0:53:23]} 19. axb3 {[%clk 1:12:02]} Nc6 {[%clk 0:50:45]} 20. Qg3+
{[%clk 1:08:25]} Qg5 {[%clk 0:50:55]} 21. Qh3 {[%clk 1:07:59]} Ne5
{[%clk 0:42:16]} 22. Qe6+ {[%clk 1:00:42]} Kg7 {[%clk 0:39:44]} 23. Rf1
{[%clk 0:58:19]} Kh8 {[%clk 0:24:13]} 24. Qd5 {[%clk 0:49:42]} Qe3+
{[%clk 0:20:37]} 25. Kh1 {[%clk 0:48:16]} Rb8 {[%clk 0:07:44]} 26. Qe6
{[%clk 0:44:14]} Qh6 {[%clk 0:06:43]} 27. Qd5 {[%clk 0:39:08]} Ng4
{[%clk 0:05:33]} 28. Qd4+ {[%clk 0:38:31]} Bg7 {[%clk 0:05:56]} 29. Qg1
{[%clk 0:38:55]} Qe3 {[%clk 0:03:41]} 30. Nd1 {[%clk 0:32:14]} Qxg1+
{[%clk 0:04:06]} 31. Kxg1 {[%clk 0:32:15]} Bd4+ {[%clk 0:04:17]} 32. Kh1
{[%clk 0:32:40]} Ne3 {[%clk 0:04:16]} 33. Nxe3 {[%clk 0:32:37]} Bxe3
{[%clk 0:04:44]} 34. c3 {[%clk 0:31:49]} Kg7 {[%clk 0:05:04]} 35. g3
{[%clk 0:26:39]} Rf8 {[%clk 0:05:29]} 36. Re1 {[%clk 0:26:51]} Bb6
{[%clk 0:05:47]} 37. e5 {[%clk 0:26:26]} d5 {[%clk 0:05:13]} 38. e6
{[%clk 0:26:14]} Rf5 {[%clk 0:05:16]} 39. b4 {[%clk 0:25:56]} Kf6
{[%clk 0:05:33]} 40. b3 {[%clk 0:55:16]} Rf3 {[%clk 0:34:25]} 41. c4
{[%clk 0:55:11]} d4 {[%clk 0:34:21]} 42. c5 {[%clk 0:55:08]} Bc7 {[%clk 0:34:37]}
43. Rb1 {[%clk 0:48:25]} Rf2 {[%clk 0:33:53]} 44. Kg1 {[%clk 0:48:13]} Rc2
{[%clk 0:34:20]} 45. Rd1 {[%clk 0:48:07]} Be5 {[%clk 0:34:39]} 46. Rd3
{[%clk 0:48:01]} Kxe6 {[%clk 0:34:54]} 0-1

[Event "Wolrd Chess Olympiad 2018"]
[Site "Batumi"]
[Date "2018.09.28"]
[Round "5"]
[Board "3"]
[WhiteFideId "20300034"]
[White "Ntagasigumwami Deo"]
[BlackFideId "15600106"]
[Black "Mooney Graham"]
[Result "0-1"]
[LiveChessVersion "1.4.8"]
[BlackElo "1892"]
[WhiteElo "1720"]

1. d4 {[%clk 1:30:42]} d6 {[%clk 1:30:44]} 2. c4 {[%clk 1:30:44]} e5
{[%clk 1:31:00]} 3. dxe5 {[%clk 1:30:17]} dxe5 {[%clk 1:31:14]} 4. Qxd8+
{[%clk 1:30:27]} Kxd8 {[%clk 1:31:33]} 5. Nc3 {[%clk 1:29:54]} Be6
{[%clk 1:30:41]} 6. Nf3 {[%clk 1:28:12]} f6 {[%clk 1:30:04]} 7. e4
{[%clk 1:27:27]} c6 {[%clk 1:27:43]} 8. Bd2 {[%clk 1:26:18]} Nd7 {[%clk 1:27:03]}
9. Be2 {[%clk 1:21:14]} Kc7 {[%clk 1:24:41]} 10. O-O {[%clk 1:20:50]} g6
{[%clk 1:18:02]} 11. Rfd1 {[%clk 1:18:58]} Bh6 {[%clk 1:17:32]} 12. h3
{[%clk 1:16:52]} a5 {[%clk 1:15:55]} 13. b3 {[%clk 1:12:15]} Bf8 {[%clk 1:12:30]}
14. Na4 {[%clk 1:04:50]} Nh6 {[%clk 1:09:12]} 15. Be3 {[%clk 1:04:32]} Nf7
{[%clk 1:08:48]} 16. Rd3 {[%clk 1:01:02]} Bb4 {[%clk 1:02:46]} 17. Nh2
{[%clk 0:50:27]} f5 {[%clk 1:00:17]} 18. f3 {[%clk 0:48:30]} Be7 {[%clk 0:53:59]}
19. Rc1 {[%clk 0:45:58]} f4 {[%clk 0:43:58]} 20. Bf2 {[%clk 0:46:14]} g5
{[%clk 0:43:22]} 21. Nc3 {[%clk 0:46:14]} Nc5 {[%clk 0:34:12]} 22. Rdd1
{[%clk 0:42:19]} b6 {[%clk 0:32:24]} 23. Rc2 {[%clk 0:36:36]} h5 {[%clk 0:29:03]}
24. Rcd2 {[%clk 0:34:05]} Rh7 {[%clk 0:27:38]} 25. Kf1 {[%clk 0:22:53]} Rah8
{[%clk 0:26:34]} 26. Rb2 {[%clk 0:18:10]} g4 {[%clk 0:16:17]} 27. fxg4
{[%clk 0:16:57]} Ng5 {[%clk 0:15:28]} 28. Bxc5 {[%clk 0:10:57]} Bxc5
{[%clk 0:15:40]} 29. Bf3 {[%clk 0:08:49]} Bd4 {[%clk 0:14:42]} 30. Rc2
{[%clk 0:08:29]} hxg4 {[%clk 0:07:02]} 31. Bxg4 {[%clk 0:06:18]} Bxg4
{[%clk 0:06:20]} 32. Nxg4 {[%clk 0:06:44]} f3 {[%clk 0:06:17]} 33. gxf3
{[%clk 0:03:09]} Rxh3 {[%clk 0:06:06]} 34. Kg2 {[%clk 0:03:06]} Nxf3
{[%clk 0:05:11]} 35. Rf1 {[%clk 0:02:43]} Ng5 {[%clk 0:04:03]} 36. Rf5
{[%clk 0:02:06]} Ne6 {[%clk 0:01:26]} 37. Rf7+ {[%clk 0:02:05]} Kb8
{[%clk 0:01:12]} 38. Ne2 {[%clk 0:01:30]} R3h4 {[%clk 0:01:05]} 39. Nxd4
{[%clk 0:01:02]} Rxg4+ {[%clk 0:01:04]} 40. Kf3 {[%clk 0:30:38]} Nxd4+
{[%clk 0:31:25]} 41. Kxg4 {[%clk 0:31:01]} Nxc2 {[%clk 0:31:40]} 42. Re7
{[%clk 0:29:16]} Nb4 {[%clk 0:31:48]} 43. Rxe5 {[%clk 0:25:57]} Kc7
{[%clk 0:30:44]} 44. Re7+ {[%clk 0:26:04]} Kd6 {[%clk 0:30:15]} 45. Rb7
{[%clk 0:26:01]} Kc5 {[%clk 0:27:55]} 46. a3 {[%clk 0:24:15]} Nc2
{[%clk 0:28:14]} 47. e5 {[%clk 0:23:20]} Re8 {[%clk 0:27:33]} 48. Kf5
{[%clk 0:23:18]} Nd4+ {[%clk 0:27:46]} 49. Kf6 {[%clk 0:22:58]} Re6+
{[%clk 0:27:59]} 50. Kf7 {[%clk 0:22:01]} Rxe5 {[%clk 0:28:21]} 51. b4+
{[%clk 0:18:59]} axb4 {[%clk 0:28:35]} 52. axb4+ {[%clk 0:18:27]} Kxb4
{[%clk 0:29:00]} 53. Rxb6+ {[%clk 0:18:06]} Kxc4 {[%clk 0:29:21]} 54. Ra6
{[%clk 0:17:43]} c5 {[%clk 0:29:22]} 55. Ra4+ {[%clk 0:15:58]} Kb5
{[%clk 0:28:57]} 56. Ra1 {[%clk 0:15:54]} Nb3 {[%clk 0:29:07]} 57. Rb1
{[%clk 0:15:57]} Kb4 {[%clk 0:29:25]} 58. Kf6 {[%clk 0:16:09]} Re8
{[%clk 0:29:15]} 59. Kf7 {[%clk 0:16:05]} Re2 {[%clk 0:29:40]} 60. Kf6
{[%clk 0:16:09]} c4 {[%clk 0:29:55]} 61. Rh1 {[%clk 0:16:10]} c3 {[%clk 0:29:57]}
0-1

[Event "Wolrd Chess Olympiad 2018"]
[Site "Batumi"]
[Date "2018.09.28"]
[Round "5"]
[Board "1"]
[WhiteFideId "16000021"]
[White "Mutabazi Fidele"]
[BlackFideId "7400179"]
[Black "Elliott Warren"]
[Result "0-1"]
[LiveChessVersion "1.4.8"]
[BlackElo "2206"]
[WhiteElo "1818"]

1. d4 {[%clk 1:30:34]} d5 {[%clk 1:28:38]} 2. c4 {[%clk 1:30:53]} e6
{[%clk 1:29:03]} 3. Nc3 {[%clk 1:31:07]} f5 {[%clk 1:29:01]} 4. Nf3
{[%clk 1:30:41]} Nf6 {[%clk 1:29:31]} 5. Bg5 {[%clk 1:30:07]} Be7
{[%clk 1:29:06]} 6. e3 {[%clk 1:30:22]} O-O {[%clk 1:28:48]} 7. Be2
{[%clk 1:27:12]} c6 {[%clk 1:28:57]} 8. O-O {[%clk 1:27:08]} Nbd7
{[%clk 1:28:07]} 9. c5 {[%clk 1:26:35]} h6 {[%clk 1:14:02]} 10. Bh4
{[%clk 1:17:50]} g5 {[%clk 1:11:36]} 11. Bxg5 {[%clk 0:54:23]} hxg5
{[%clk 1:11:51]} 12. Nxg5 {[%clk 0:54:50]} Nb8 {[%clk 1:09:30]} 13. f4
{[%clk 0:54:20]} Ne4 {[%clk 0:59:21]} 14. Ncxe4 {[%clk 0:45:43]} dxe4
{[%clk 0:57:58]} 15. h4 {[%clk 0:45:38]} Bxg5 {[%clk 0:52:38]} 16. hxg5
{[%clk 0:38:18]} Kg7 {[%clk 0:51:28]} 17. Kf2 {[%clk 0:37:44]} Rh8
{[%clk 0:44:22]} 18. Rh1 {[%clk 0:35:27]} b6 {[%clk 0:37:22]} 19. b4
{[%clk 0:33:48]} a5 {[%clk 0:37:05]} 20. a3 {[%clk 0:33:04]} Rxh1
{[%clk 0:29:33]} 21. Qxh1 {[%clk 0:33:15]} Qh8 {[%clk 0:30:02]} 22. Qxh8+
{[%clk 0:27:50]} Kxh8 {[%clk 0:30:27]} 23. Rh1+ {[%clk 0:25:24]} Kg7
{[%clk 0:30:51]} 24. cxb6 {[%clk 0:25:11]} axb4 {[%clk 0:30:40]} 25. axb4
{[%clk 0:25:37]} Ra2 {[%clk 0:24:02]} 26. Re1 {[%clk 0:18:13]} Nd7
{[%clk 0:22:48]} 27. Kf1 {[%clk 0:17:39]} Nxb6 {[%clk 0:22:53]} 28. Rc1
{[%clk 0:17:38]} Nd5 {[%clk 0:20:33]} 29. b5 {[%clk 0:09:01]} Nxe3+
{[%clk 0:18:28]} 30. Kf2 {[%clk 0:08:51]} Rc2 {[%clk 0:16:52]} 31. Rxc2
{[%clk 0:07:50]} Nxc2 {[%clk 0:17:17]} 32. bxc6 {[%clk 0:08:14]} Nxd4
{[%clk 0:17:05]} 33. Bc4 {[%clk 0:06:56]} Nxc6 {[%clk 0:17:16]} 34. Ke3
{[%clk 0:07:15]} Nb4 {[%clk 0:07:58]} 35. g3 {[%clk 0:06:47]} Kf7
{[%clk 0:08:10]} 36. Be2 {[%clk 0:03:39]} Ke7 {[%clk 0:07:14]} 37. Kd4
{[%clk 0:01:26]} Ba6 {[%clk 0:06:40]} 38. Bd1 {[%clk 0:01:24]} Nd5
{[%clk 0:06:45]} 39. Ke5 {[%clk 0:00:39]} Nb4 {[%clk 0:02:56]} 40. Bh5
{[%clk 0:30:54]} Nc6# {[%clk 0:33:12]} 0-1